00951nab a2200265uuc4500001000800000005001700008008004100025035001200066035002100078040001300099041000800112100004200120245007300162260001000235650004200245650002600287650001900313650003400332700004100366700003800407700004000445700003900485700004200524773011900566103955320240809090824.0070801s2007 spa  a1039553 a(OCoLC)820211755 ccomduadb aspa10aGutierrez Ramirez, Sixto F.4auteaut10aHumo de tabaco ambiental y neumonias en niños de Monterrey, Mexico c2007. aEnfermedades respiratorias en niños aNeumonía en niños aHumo de tabaco 7aContaminación del aire2dcs10aMolinas Salinas, Gloria M.4auteaut10aGarcia Guerra, Jaime F.4auteaut10aVargas Villarreal, Javier4auteaut10aMata Cardenas, Benito D.4auteaut10aGonzalez Salazar, Francisco4auteaut0 tRevista de Salud Pública (Bogotá)gVolumen 09, Número 01, Enero-Marzo 2007, 76-85w602698x0124-00640156183